Evolution of strategy from Sun Tzu to Clausewitz : containing the original texts
Saved in:
| Main Author: | |
|---|---|
| Format: | Book |
| Language: | English |
| Published: |
New Delhi, India
Pentagon
2009
|
| Edition: | 1st Indian ed. |
| Subjects: | |
| Tags: |
Add Tag
No Tags, Be the first to tag this record!
|
| Call Number : | U 102 .S56 2009 |
MARC
| LEADER | 00000nam a2200000 a 4500 | ||
|---|---|---|---|
| 001 | 40709 | ||
| 003 | MY-KLNDU | ||
| 005 | 20241219003400.0 | ||
| 008 | 101030 2009 ii a 000 0 eng d | ||
| 020 | |a 9788182743588 | ||
| 039 | 9 | |a 201202281326 |b azraai |y 201010301049 |z helmey | |
| 040 | |a UPNM | ||
| 090 | |a U 102 |b .S56 2009 | ||
| 100 | 1 | |a Singh, Harjeet | |
| 245 | 1 | 0 | |a Evolution of strategy |b from Sun Tzu to Clausewitz : containing the original texts |c commentary by Harjeet Singh |
| 250 | |a 1st Indian ed. | ||
| 260 | |a New Delhi, India |b Pentagon |c 2009 | ||
| 300 | |a vi, 270 p. |b ill. |c 24 cm. | ||
| 592 | |a 00002884 |b 10/10/11 |c RM181.54 |h PDW | ||
| 650 | 0 | |a Military art and Science | |
| 650 | 0 | |a Military doctrine | |
| 650 | 0 | |a Startegy | |
| 999 | |a vtls000041434 |c 40709 |d 40709 | ||


